[Event "Camaguey Province-ch final"]
[Site "Camaguey"]
[Date "2018.10.17"]
[Round "10"]
[White "De la Paz Vento, Manuel"]
[Black "Elias Reyes, Jorge Roberto"]
[Result "0-1"]
[WhiteElo "1545"]
[BlackElo "2326"]
[PlyCount "78"]
[EventDate "2018.10.10"]
[EventType "tourn"]
[EventRounds "14"]
[EventCountry "CUB"]
[SourceTitle "EXT 2021"]
[Source "ChessBase"]
[SourceDate "2020.10.23"]
[SourceVersion "1"]
[SourceVersionDate "2020.10.23"]
[SourceQuality "1"]

1. d4 Nf6 2. c4 c5 3. d5 b5 4. cxb5 a6 5. bxa6 g6 6. Nc3 Bg7 7. Nf3 0-0 8. e4 Qa5 9. Nd2 Bxa6 10. Be2 d6 11. 0-0 Nfd7 12. a4 Bxc3 13. bxc3 Qxc3 14. Ra3 Qd4 15. a5 Ne5 16. Bxa6 Nxa6 17. Qc2 Rfb8 18. Qc3 Qxc3 19. Rxc3 Nb4 20. f4 Nd7 21. Nc4 f5 22. exf5 Nxd5 23. Rg3 Rb4 24. Nb6 N7xb6 25. axb6 Kf7 26. fxg6+ hxg6 27. f5 gxf5 28. Rxf5+ Ke6 29. Rf1 Ra1 30. Bg5 Rbb1 31. Rxb1 Rxb1+ 32. Kf2 c4 33. Bd2 Rxb6 34. h4 Rb2 35. Ke1 Nf6 36. Bc3 Rb3 37. Re3+ Kd5 38. Bd2 Rb1+ 39. Ke2 Ne4 0-1

[Event "Camaguey Province-ch final"]
[Site "Camaguey"]
[Date "2018.10.12"]
[Round "3"]
[White "Elias Reyes, Jorge Roberto"]
[Black "De la Paz Vento, Manuel"]
[Result "1-0"]
[WhiteElo "2326"]
[BlackElo "1545"]
[PlyCount "51"]
[EventDate "2018.10.10"]
[EventType "tourn"]
[EventRounds "14"]
[EventCountry "CUB"]
[SourceTitle "EXT 2021"]
[Source "ChessBase"]
[SourceDate "2020.10.23"]
[SourceVersion "1"]
[SourceVersionDate "2020.10.23"]
[SourceQuality "1"]

1. Nf3 Nf6 2. c4 e6 3. g3 d5 4. Bg2 Be7 5. 0-0 0-0 6. b3 b6 7. Bb2 Bb7 8. e3 c5 9. Nc3 Nc6 10. cxd5 Nxd5 11. Nxd5 exd5 12. d4 Bf6 13. Qd2 Ba6 14. Rfd1 Nb4 15. Ne1 Bb7 16. dxc5 bxc5 17. Rac1 Rc8 18. a3 Na6 19. Bxf6 Qxf6 20. Bxd5 Rfd8 21. e4 Bxd5 22. exd5 Rd6 23. Ng2 c4 24. Rxc4 Rxc4 25. bxc4 Nc5 26. Qe3 1-0